| 000 | 00741nam a22001577a 4500 | ||
|---|---|---|---|
| 003 | OSt | ||
| 005 | 20151006133711.0 | ||
| 008 | 151006b xxu||||| |||| 00| 0 eng d | ||
| 040 | _cRUA | ||
| 082 | _aAVM YAN 2000 B072 Or.1 | ||
| 100 |
_92155 _aYAN, BUNTHAN. |
||
| 245 | _aA study on cow's fertility rate of artificial insemination company royal gryogenic biotic in kandal province, ការសិក្សាលើអត្របង្កកំណើតគោ របស់ក្រុមហ៊ុនបង្កាត់់ពូជគោដោយសិប្បនិមិ្មត royal gryogenic biotic នៅខេត្តកណ្តាល | ||
| 260 |
_aPhnom Penh _bRUA _c2000 |
||
| 300 |
_ax; 54p. _bill. _c29cm. |
||
| 942 |
_2ddc _cAVM |
||
| 999 |
_c2026 _d2026 |
||